Slovenské učené tovarišstvo 1792-1992

Salvato in:
Dettagli Bibliografici
Altri autori: Petráš, Milan
Natura: Libro
Lingua:slovacco
Pubblicazione: Trnava Západoslovenské múzeum 1993
Edizione:1. vyd.
Soggetti:
Tags: Aggiungi Tag
Nessun Tag, puoi essere il primo ad aggiungerne!!

MARC

LEADER 00000nam a2200000 4500
001 c004721
005 20221128073847.9
020 |a 80-85556-03-0 
041 0 |a slo 
044 |a SK 
245 1 0 |a Slovenské učené tovarišstvo  |b 1792-1992  |c Hl. zost. Milan Petráš 
250 |a 1. vyd. 
264 1 |a Trnava  |b Západoslovenské múzeum  |c 1993 
300 |a 174 s. 
610 2 0 |a výstavy 
610 2 0 |a múzeá 
610 2 0 |a 1792-1992 
610 2 0 |a Slovenské učené tovarišstvo 
700 1 |a Petráš, Milan